An illustrated guide book on Egypt and Nubia /
Saved in:
Main Author:
Format: Book
Language: English
Published:
Cairo :
E. Menikidis,
1930.
Subjects:
Tags: Add Tag
No Tags, Be the first to tag this record!
Call Number: DT55 .C74 1930
| LEADER | 00858nam a2200265Ia 4500 | ||
|---|---|---|---|
| 003 | OSt | ||
| 005 | 20260326151301.0 | ||
| 008 | 211223s1930 ua acf 000 0 eng d | ||
| 040 | |c ARCE Library | ||
| 050 | 4 | |a DT55 .C74 1930 | |
| 100 | 1 | |a Condopoulo, P., |e author | |
| 245 | 1 | 3 | |a An illustrated guide book on Egypt and Nubia / |c by P. Condopoulo. |
| 264 | 1 | |a Cairo : |b E. Menikidis, |c 1930. | |
| 300 | |a 209 p., [30] leaves of plates : |b ill., ports. ; |c 18 cm. | ||
| 500 | |a Cover title: Guide book on Egypt & Nubia. | ||
| 500 | |a Includes errata. | ||
| 651 | 0 | |a Egypt |x Description and travel. | |
| 651 | 0 | |a Nubia |x Description and travel. | |
| 651 | 0 | |a Sudan |x Description and travel. | |
| 651 | 0 | |a Aswan High Dam (Egypt) | |
| 740 | 0 | |a Guide book on Egypt & Nubia. | |
| 740 | 0 | |a Egypt & Nubia. | |
| 901 | |a reviewed | ||
| 942 | |2 lcc |c BK | ||
| 999 | |c 41160 |d 41160 | ||
